| 000 | 01103nam a2200265 i 4500 | ||
|---|---|---|---|
| 003 | EG-ScBUE | ||
| 005 | 20231025095959.0 | ||
| 008 | 110802s1968 le f b 000 0 ara d | ||
| 040 |
_aEG-ScBUE _bara _erda _cEG-ScBUE _dEG-ScBUE |
||
| 082 | 0 | 4 |
_222 _a303.48217492704 _bن د و |
| 100 | 1 |
_926526 _aالندوي، أبو الحسن علي الحسني، _eمؤلف. |
|
| 245 | 1 | 2 |
_aالصراع بين الفكرة الإسلامية و الفكرة الغربية فى الأقطار الإسلامية / _cأبو الحسن علي الحسني الندوي. |
| 250 | _aالطبعة الثانية. | ||
| 264 | 1 |
_a[بيروت] : _bدار الندوة للتوزيع، _c1968. |
|
| 300 |
_a255 صفحة ؛ _c24 سم |
||
| 336 |
_2rdacontent _aنص _btxt |
||
| 337 |
_2rdamedia _aبدون وسيط _bn |
||
| 338 |
_2rdacarrier _aمجلد _bnc |
||
| 504 | _aيشتمل على إرجاعات ببليوجرافية. | ||
| 650 | 7 |
_922074 _aالاسلام والغرب. _2BUEsh |
|
| 650 | 7 |
_aالحضارة الغربية. _2BUEsh |
|
| 653 | _cAugust2011 | ||
| 655 | _vReading book | ||
| 942 |
_2ddc _cBB |
||
| 999 |
_c15772 _d15772 |
||